000 00718nam a22002417a 4500
005 20160613110801.0
010 _aENG-115249
020 _a9789352602094
_c799.00
020 _a9352602099
_c799.00
035 _aEN-98781
037 _bDBAD/PUB
082 _a550
245 _aThe good earth :
_cby David McConnell...[et al]
_bintroduction to earth science /
246 _a :
250 _a3rd ed
260 _aNew Delhi
_bMcGraw Hill Education
_c2016
270 _aP-24,Green Park Ext.
_bNew Delhi
_e110016
300 _axxii,536p. :
_bill.,maps
_c28cm(ppk)
500 _aIncludes index
650 _aEarth sciences
_vTextbooks
700 _aMcConnell,David
942 _2ddc
_cEN
_h550
_mGOO
999 _c100243
_d100243